000 00833nam a2200181Ia 4500
008 100917s9999 xx 000 0 und d
082 _b38146
100 _aराष्ट्रीय चरित्रमाला
245 _aराष्ट्रीय चरित्रमाला (लाला लजपतराय ) भाग. 1
260 _bराष्ट्रीय चरित्रमाला प्रकाशन
_c1979
300 _a56
365 _b2.8
520 _aबालविभाग
630 _aराष्ट्रीय चरित्रमाला (लाला लजपतराय ) भाग. 1
650 _aबालविभाग
730 _aराष्ट्रीय चरित्रमाला (लाला लजपतराय ) भाग. 1
942 _cBOOK
999 _c643540
_d643537